000 01104nam a22003017a 4500
001 8372
003 FISKH
005 20250910101222.0
008 250910b cb ||||| |||| 00| 0 eng d
020 _a9781586109318
040 _aFISKH
_beng
_cFISKH
_dFISKH
050 _aQL544.2 .F74
082 _a595.789
100 _aFreeman, Darlene
245 _aButterflies ! /
_cWritten by Darlene Freeman : Illustrated Mike Maydak
260 _aLondon :
_bLearning Horizons ,
_c1999.
300 _a24 pages :
_bcolor illustrations , with CD ;
_c21 cm .
490 _aKnow-It-Alls Series
505 _aV
520 _a"Ever wondered how butterflies get their colors? Or which butterflies avoid predators by tasting bad? Or which body part butterflies use to taste? Explore this . . . book for answers to questions you'll be glad we asked"--Provided by publisher.
521 8 _a870
_bLexile
521 8 _aV
_bRaz-Plus
650 _aButterflies
_vNon-fiction
650 _alife cycle
_vNon-fiction
700 _aMaydak, Mike
_eIllustrator
942 _2ddc
_cBK
_n0
999 _c8372
_d8372